Leadership roles and management functions in nursing : (Record no. 10916)
[ view plain ]
| 000 -LEADER | |
|---|---|
| fixed length control field | 02988cam a22004334a 4500 |
| 001 - CONTROL NUMBER | |
| control field | 15028672 |
| 005 - DATE AND TIME OF LATEST TRANSACTION | |
| control field | 20080325155016.0 |
| 008 - FIXED-LENGTH DATA ELEMENTS--GENERAL INFORMATION | |
| fixed length control field | 070928s2009 paua b 001 0 eng |
| 010 ## - LIBRARY OF CONGRESS CONTROL NUMBER | |
| LC control number | 2007040508 |
| 016 7# - NATIONAL BIBLIOGRAPHIC AGENCY CONTROL NUMBER | |
| Record control number | 101317529 |
| Source | DNLM |
| 020 ## - INTERNATIONAL STANDARD BOOK NUMBER | |
| International Standard Book Number | 9780781772464 |
| 020 ## - INTERNATIONAL STANDARD BOOK NUMBER | |
| International Standard Book Number | 078177246X |
| 035 ## - SYSTEM CONTROL NUMBER | |
| System control number | (OCoLC)ocn173659635 |
| 035 ## - SYSTEM CONTROL NUMBER | |
| System control number | (OCoLC)173659635 |
| Canceled/invalid control number | (OCoLC)154806841 |
| 040 ## - CATALOGING SOURCE | |
| Original cataloging agency | DNLM/DLC |
| Transcribing agency | DLC |
| Modifying agency | NLM |
| -- | BTCTA |
| -- | BAKER |
| -- | C#P |
| -- | YDXCP |
| -- | JYJ |
| -- | DLC |
| 042 ## - AUTHENTICATION CODE | |
| Authentication code | pcc |
| 050 00 - LIBRARY OF CONGRESS CALL NUMBER | |
| Classification number | RT89 |
| Item number | .M387 2009 |
| 060 10 - NATIONAL LIBRARY OF MEDICINE CALL NUMBER | |
| Classification number | WY 105 |
| Item number | M357L 2009 |
| 082 00 - DEWEY DECIMAL CLASSIFICATION NUMBER | |
| Classification number | 362.173068 |
| Edition number | 22 |
| Item number | LEA |
| 100 1# - MAIN ENTRY--PERSONAL NAME | |
| Personal name | Marquis, Bessie L. |
| 245 10 - TITLE STATEMENT | |
| Title | Leadership roles and management functions in nursing : |
| Remainder of title | theory and application / |
| Statement of responsibility, etc | Bessie L. Marquis, Carol J. Huston. |
| 250 ## - EDITION STATEMENT | |
| Edition statement | 6th ed. |
| 260 ## - PUBLICATION, DISTRIBUTION, ETC. (IMPRINT) | |
| Place of publication, distribution, etc | Philadelphia : |
| Name of publisher, distributor, etc | Wolters Kluwer Health/Lippincott Williams & Wilkins, |
| Date of publication, distribution, etc | c2009. |
| 300 ## - PHYSICAL DESCRIPTION | |
| Extent | xviii, 654 p. : |
| Other physical details | col. ill. ; |
| Dimensions | 24 cm. |
| 504 ## - BIBLIOGRAPHY, ETC. NOTE | |
| Bibliography, etc | Includes bibliographical references and index. |
| 505 0# - FORMATTED CONTENTS NOTE | |
| Formatted contents note | Decision making, problem solving, and critical thinking : requisites for successful leadership and management -- Classical views of leadership and management -- Twenty-first century thinking about leadership and management -- Ethical issues -- Legal and legislative issues -- Patient, subordinate, and professional advocacy -- Operational and strategic planning -- Planned change -- Time management -- Fiscal planning -- Career development : from new graduate to retirement -- Organizational structure -- Understanding organizational, political, and personal power -- Organizing patient care -- Employee recruitment, selection, placement, and indoctrination -- Socializing and educating staff for team building -- Staffing needs and scheduling policies -- Creating a motivating climate -- Organizational, interpersonal, and group communication -- Delegation -- Managing conflict -- Understanding collective bargaining, unionization, and employment laws -- Quality control -- Performance appraisal -- Problem employees : rule breakers, marginal employees, and the chemically or psychologically impaired. |
| 650 #0 - SUBJECT ADDED ENTRY--TOPICAL TERM | |
| Topical term or geographic name as entry element | Nursing services |
| General subdivision | Administration. |
| 650 #0 - SUBJECT ADDED ENTRY--TOPICAL TERM | |
| Topical term or geographic name as entry element | Leadership. |
| 650 12 - SUBJECT ADDED ENTRY--TOPICAL TERM | |
| Topical term or geographic name as entry element | Leadership. |
| 650 12 - SUBJECT ADDED ENTRY--TOPICAL TERM | |
| Topical term or geographic name as entry element | Nursing, Supervisory. |
| 650 22 - SUBJECT ADDED ENTRY--TOPICAL TERM | |
| Topical term or geographic name as entry element | Nurse Administrators. |
| 650 22 - SUBJECT ADDED ENTRY--TOPICAL TERM | |
| Topical term or geographic name as entry element | Nursing |
| General subdivision | organization & administration. |
| 700 1# - ADDED ENTRY--PERSONAL NAME | |
| Personal name | Huston, Carol Jorgensen. |
| 856 42 - ELECTRONIC LOCATION AND ACCESS | |
| Materials specified | Publisher description |
| Uniform Resource Identifier | <a href="http://www.loc.gov/catdir/enhancements/fy0801/2007040508-d.html">http://www.loc.gov/catdir/enhancements/fy0801/2007040508-d.html</a> |
| 942 ## - ADDED ENTRY ELEMENTS (KOHA) | |
| Source of classification or shelving scheme | Dewey Decimal Classification |
| Item type | Book - Borrowing |
| Withdrawn status | Item status | Source of classification or shelving scheme | Damaged status | Not for loan | Vendor | Home library | Current library | Shelving location | Date acquired | Source of acquisition | Cost, normal purchase price | Serial Enumeration / chronology | Total Checkouts | Total Renewals | Full call number | Barcode | Date last seen | Date last borrowed | Koha item type |
|---|---|---|---|---|---|---|---|---|---|---|---|---|---|---|---|---|---|---|---|
| Dewey Decimal Classification | Baccah | Central Library | Central Library | First floor | 22/02/2009 | 256.00 | 6996 | 29 | 238 | 362.173068 LEA | 000014920 | 15/07/2025 | 15/03/2025 | Book - Borrowing | |||||
| Dewey Decimal Classification | Baccah | Central Library | Central Library | First floor | 22/02/2009 | 256.00 | 6996 | 11 | 16 | 362.173068 LEA | 000014907 | 15/07/2025 | 16/12/2012 | NB - Book (Non borrowing) |